000 00706nam a2200217 i 4500
001 133356
003 ES-MaACL
005 20230906194402.0
007 t|
008 070214s1969 sp r ||||1| spa d
100 1 _aRudel, Christian.
_9100485
245 1 0 _aPortugal y Salazar /
_cChristian Rudel ; [traducción por Alberto Míguez].
260 _aMadrid :
_bGuadiana,
_c1969.
300 _a175 p. :
_bil. ;
_c21 cm.
490 1 _aColección "Crónica de un Siglo" ;
_v3
651 4 _aPortugal-
_xHistoria-
_y1910-1974.
_9140662
700 1 _aMíguez, Alberto.
_981052
830 0 _aColección "Crónica de un Siglo" ;
_v3
_9219725
852 _aES-MaACL
_jC-39014
_bR.69837
999 _c133356
_d133356